| 000 | 00356nam a22001577a 4500 | ||
|---|---|---|---|
| 005 | 20160627101729.0 | ||
| 008 | 160627b xxu||||| |||| 00| 0 eng d | ||
| 041 | _aeng | ||
| 082 | _b10383 | ||
| 100 |
_aRoshan and Apurva _92858 |
||
| 245 | _aAspering Swan | ||
| 260 | _bAwakindo Ashwan Press | ||
| 300 | _a146 | ||
| 650 |
_aManagement _9241 |
||
| 942 | _cBK | ||
| 999 |
_c4136 _d4135 |
||